000 00503nam a2200205Ia 4500
003 OSt
005 20230505135615.0
008 210423s2003 xx 000 0 und d
040 _cAL
041 _aeng
082 _a574.88 LODH
100 _aLODISH (Harvey);others.
_998730
245 _aMolecular cell biology.
250 _a5
260 _aNew York
_bW H Freeman & Co.
_c2003
300 _axxxix,1084,I-36
365 _b3052
_cINR
906 _abiology. ; cell ; Molecular
942 _2ddc
_cBK
999 _c163359
_d163359